[Event "Wellington Mazur Memorial"]
[Site "Wellington"]
[Date "2010.12.07"]
[Round "8"]
[White "Proctor, Matthew"]
[Black "Stephens, Dominick"]
[Result "0-1"]
[WhiteElo "1365"]
[BlackElo "1744"]
[PlyCount "130"]
[EventDate "2010.10.19"]
[EventType "swiss"]
[EventRounds "8"]
[EventCountry "NZL"]
[SourceTitle "EXT 2018"]
[Source "ChessBase"]
[SourceDate "2017.10.13"]
[SourceVersion "1"]
[SourceVersionDate "2017.10.13"]
[SourceQuality "1"]

1. e4 c6 2. d4 d5 3. Nc3 dxe4 4. Nxe4 Bf5 5. Ng3 Bg6 6. Nf3 Nf6 7. Ne5 Nbd7 8. Nxg6 hxg6 9. Bd3 Qb6 10. c3 c5 11. Bc4 cxd4 12. cxd4 Qb4+ 13. Bd2 Qxc4 14. Rc1 Qxd4 15. Qc2 Qe5+ 16. Be3 Qa5+ 17. Bd2 Qd8 18. Qa4 e6 19. 0-0 Be7 20. Rc3 Nd5 21. Rd3 f5 22. Re1 Kf7 23. Nf1 Rh4 24. Qb3 N7b6 25. g3 Rc4 26. Ne3 Rc7 27. g4 Rd7 28. gxf5 gxf5 29. Nxd5 Rxd5 30. Rde3 Qd7 31. Bc3 Bf6 32. Bxf6 Kxf6 33. h4 Rd8 34. Rh3 Rd1 35. Qe3 Kf7 36. Rg3 Rxe1+ 37. Qxe1 Qd1 38. Kf1 Qxe1+ 39. Kxe1 Nc4 40. Rb3 b6 41. Rb4 Ne5 42. Ke2 Rh8 43. Rd4 g5 44. hxg5 Kg6 45. f4 Rh2+ 46. Ke3 Ng4+ 47. Kf3 Rxb2 48. Rd6 Rxa2 49. Rxe6+ Kf7 50. Rc6 b5 51. g6+ Kg7 52. Kg3 b4 53. Kh4 Rh2+ 54. Kg5 Rh8 55. Rc7+ Kg8 56. Rb7 a5 57. Kxf5 Ne3+ 58. Ke4 Nc4 59. Kd3 Nd6 60. Ra7 Rh3+ 61. Kd4 Nb5+ 62. Ke5 Nxa7 63. f5 b3 64. f6 b2 65. f7+ Kg7 0-1

[Event "Wellington Mazur Memorial"]
[Site "Wellington"]
[Date "2010.10.19"]
[Round "1"]
[White "Stracy, Don M"]
[Black "Proctor, Matthew"]
[Result "1-0"]
[WhiteElo "1796"]
[BlackElo "1365"]
[PlyCount "55"]
[EventDate "2010.10.19"]
[EventType "swiss"]
[EventRounds "8"]
[EventCountry "NZL"]
[SourceTitle "EXT 2018"]
[Source "ChessBase"]
[SourceDate "2017.10.13"]
[SourceVersion "1"]
[SourceVersionDate "2017.10.13"]
[SourceQuality "1"]

1. e4 e5 2. Nf3 Nc6 3. Bb5 a6 4. Ba4 Nf6 5. 0-0 b5 6. Bb3 Bb7 7. Re1 Bc5 8. c3 d6 9. d4 Bb6 10. Bg5 0-0 11. a4 Na5 12. Nbd2 Re8 13. Bc2 Nc4 14. Nxc4 bxc4 15. a5 Ba7 16. Qe2 c5 17. Qxc4 cxd4 18. cxd4 Rc8 19. Qd3 Bxd4 20. Nxd4 exd4 21. f3 h6 22. Bh4 d5 23. e5 g5 24. Bf2 Nd7 25. Qh7+ Kf8 26. Qxh6+ Ke7 27. Qxg5+ Ke6 28. Bf5# 1-0